skbl

Dr Suryya Kumar Bhuyan Library Web-OPAC
ডঃ সূৰ্য্য
কুমাৰ ভূঞা পুথিভঁৰাল ৱেব-অ'পেক

All Research Scholars are advised to clear the annual library fees to continue using Library Resources, Remote Access, Plagiarism Test and Library Clearance.

Cotton University Book Fair 2026

Making of India`s northeast : (Record no. 65647)

MARC details
000 -LEADER
fixed length control field 00511nam a2200157Ia 4500
001 - CONTROL NUMBER
control field 64547
008 - FIXED-LENGTH DATA ELEMENTS--GENERAL INFORMATION
fixed length control field 210403n2020 ii |||gr||||Z||||||465
020 ## - INTERNATIONAL STANDARD BOOK NUMBER
International Standard Book Number 9780367898328
082 ## - DEWEY DECIMAL CLASSIFICATION NUMBER
Classification number 320.954
100 ## - MAIN ENTRY--PERSONAL NAME
Personal name Gogoi, Dilip,
Relator term Author.
245 #0 - TITLE STATEMENT
Title Making of India`s northeast :
Remainder of title geopolitics of borderland and transnational interactions /
Statement of responsibility, etc. Dilip Gogoi .
Medium Textual Documents
260 ## - PUBLICATION, DISTRIBUTION, ETC.
Place of publication, distribution, etc. London &New York
Name of publisher, distributor, etc. Routledge Publishers
Date of publication, distribution, etc. 2020
300 ## - PHYSICAL DESCRIPTION
Extent xiii, 275 p.:
Dimensions 20 cm.
653 ## - INDEX TERM--UNCONTROLLED
Uncontrolled term Politics-India
942 ## - ADDED ENTRY ELEMENTS (KOHA)
Source of classification or shelving scheme Dewey Decimal Classification
Koha item type Books
Holdings
Withdrawn status Lost status Damaged status Not for loan Collection Home library Current library Date acquired Source of acquisition Coded location qualifier Cost, normal purchase price Total checkouts Total renewals Full call number Barcode Date last seen Date last checked out Copy number Price effective from Koha item type Public note
          Dr. Suryya Kumar Bhuyan Library Dr. Suryya Kumar Bhuyan Library 03/04/2021 28 00000 995.00 1 2 320.954 G47M 2594/cu/pol 04/12/2025 26/09/2025 2 03/04/2021 Books 28
          Dr. Suryya Kumar Bhuyan Library Dr. Suryya Kumar Bhuyan Library 03/04/2021 28 00000 995.00 1   320.954 G47M 2570/cu/pol 08/05/2024 29/04/2024 1 03/04/2021 Books 28

Designed and Maintained by Team SKBL
©1901-2026

Powered by Koha